Lun yu gu yi /

Saved in:
Bibliographic Details
Main Author: Yang, Shuda, 1885-1956.
Other Authors: Coufucius.
Format: Book
Language:Chinese
Published: Shanghai : Shang wu, 1934.
Edition:Chu ban.
Subjects:
Tags: Add Tag
No Tags, Be the first to tag this record!
LEADER 00853cam a2200265ua 4500
001 007725603-4
005 20024617105648.0
008 920601s1934 cc 000 0 chi d
035 0 |a ocm25918195 
040 |a *BNJ*  |c *BNJ*  |d *YNH*  |d CStRLIN 
100 1 |6 880-01  |a Yang, Shuda,  |d 1885-1956. 
245 1 0 |6 880-02  |a Lun yu gu yi /  |c Yang Shuda ji jie. 
250 |6 880-03  |a Chu ban. 
260 |6 880-04  |a Shanghai :  |b Shang wu,  |c 1934. 
300 |a 323 p. ;  |c 19 cm. 
600 0 0 |6 880-05  |a Confucius.  |t Lun yu. 
700 0 2 |6 880-06  |a Coufucius.  |t Lun yu.  |f 1934. 
880 1 |6 100-01  |a 楊樹達,  |d 1885-1956. 
880 1 0 |6 245-02  |a 論語古義 /  |c 楊樹達集解. 
880 |6 250-03  |a 初版. 
880 |6 260-04  |a 上海 :  |b 商務,  |c 1934. 
880 0 0 |6 600-05  |a Confucius.  |t 論語. 
880 0 2 |6 700-06  |a Coufucius.  |t 論語.  |f 1934. 
988 |a 20021103 
906 |0 OCLC